| 000 | 00446cam a2200169 a 4500 | ||
|---|---|---|---|
| 020 | _a0205353908 | ||
| 020 | _a9780205353903 | ||
| 040 | _cDLC | ||
| 082 | _a302 ALL 2003 A018 Or. | ||
| 100 | 1 | _aDeVito, Joseph A., | |
| 245 | 1 | 0 |
_aHuman communication : _bthe basic course / |
| 250 | _a9th ed | ||
| 260 |
_aBoston : _bAllyn and Bacon, _cc2003 |
||
| 300 |
_a1 v. (various pagings) : _bcol. ill. ; _c26 cm |
||
| 650 | 0 | _aCommunication | |
| 942 | _cEK | ||
| 999 |
_c12364 _d12364 |
||